000 00570nam a2200181 i 4500
001 93195
003 ES-MaACL
005 20230906181138.0
007 t|
008 050408s1970 sp ||||1| spa d
100 1 _aLondon, Arthur.
_973216
245 1 3 _aLa confesión = (L'aveu)
_b: en el engranaje del proceso de Praga /
_cArthur London; [versión de M. Angel].
260 _aMadrid :
_bAyuso,
_c1970.
300 _a522 p. ;
_c21 cm.
651 4 _aChecoslovaquia-
_xPolítica y gobierno-
_y1945-1992.
_98036
700 1 _aAngel, M.
_921701
852 _aES-MaACL
_jC-47343
999 _c93195
_d93195